00629nmm a2200169Ia 4500008004100000020001800041041000800059100007300067245012100140264005600261300001800317490002500335650002400360856005100384942000700435999001700442251105s9999||||xx |||||||||||||||||und|| a9788498303094 aeng aMaría Luz Suárez Castiñeira, Alexandre Gaiferos Parrado Freire 4aThe Integration of Regional or Minority Languages in the European Higher Education Area :b Galician as a Case Study a[Madrid, España] :bUniversidad de Deusto, c2011 a100 páginas aVerde - Serie Letras aHistory of language uhttps://public.digitaliapublishing.com/a/17519 cCF c91586d91586